000 01313cam a2200277 a 4500
001 SSB062169
003 SISC
005 20170125102645.0
008 100729s2012 njua b 001 0 eng
010 _a2010031990
020 _a9780273752660
020 _a9780273779766
035 _a(OCoLC)ocn651153797
040 _aDLC
_cDLC
_dYDX
_dYDXCP
_dBWX
_dDLC
050 0 0 _aHD 58.7
_b.R538 2013
100 1 _aRobbins, Stephen P.
_d1943-
245 1 0 _aEssentials of organizational behavior /
_cStephen P. Robbins, Timothy A. Judge.
250 _a11th edition.
260 _aUpper Saddle River, N.J. :
_bPearson Prentice Hall,
_c2013.
300 _axxv, 334 pages :
_billustrations ;
_c24 cm.
504 _aIncludes bibliographical references and index.
505 0 _aIntroduction to organizational behavior -- Diversity in organizations -- Perception and individual decision making -- Job attitudes -- Motivation concepts -- Motivation: from concepts to applications -- Emotions and moods -- Foundations of group behavior -- Understanding work teams -- Communication -- Leadership -- Power and politics -- Conflict and negotiation -- Foundations of organization structure -- Organizational culture -- Organizational change.
650 0 _aOrganizational behavior.
700 1 _aJudge, Tim.
942 _2lcc
_cBK
999 _c283725
_d283725